MARC

LEADER 00000nas a2200000 a 4500
001 ssj0000579160
003 WaSeSS
005 20200512172242.0
006 m d
007 cr n
008 850613c19859999pk fr p s 0 a0eng c
010 |a  85930273   |z  87640766   |z sn 85015238  
022 |l 0258-9680  |y 0258-9680 
035 |a (WaSeSS)ssj0000579160 
040 |a CLU  |b eng  |c CLU  |d NST  |d HUL  |d DLC  |d NST  |d DLC  |d NST  |d DLC  |d SYS  |d OCLCQ  |d OCLCF  |d OCLCO  |d OCLCQ  |d WaSeSS 
042 |a pcc 
043 |a e------ 
050 0 0 |a D1  |b .J583 
080 |a 008 (4) 
082 0 0 |a 940/.05  |2 20 
130 0 |a Journal of European studies (Karachi, Pakistan) 
210 0 |a J. eur. stud.  |b (Karachi) 
222 0 |a Journal of european studies  |b (Karachi) 
245 1 0 |a Journal of European studies  |h [electronic resource]. 
260 |a [Karachi] :  |b Area Study Centre for Europe, University of Karachi,  |c 1985- 
310 |a Semiannual 
362 0 |a Vol. 1, no. 1 (Jan. 1985)- 
506 |a License restrictions may limit access. 
588 |a Latest issue consulted: Vol. 1, no. 2 (July 1985). 
650 0 |a Civilization, Western  |v Periodicals. 
650 7 |a Civilization, Western.  |2 fast  |0 (OCoLC)fst00863138 
651 0 |a Europe  |x History  |v Periodicals. 
651 7 |a Europe.  |2 fast  |0 (OCoLC)fst01245064 
655 0 |a Electronic journals. 
710 2 |a University of Karachi.  |b Area Study Centre for Europe. 
850 |a CLU  |a CU  |a DLC  |a ICRL  |a IaU  |a MH  |a MnU  |a NIC  |a NN  |a WaU 
853 0 0 |8 1  |a v.  |b no.  |i (year)  |j (month) 
856 4 0 |z Full text available from Research Library: 01/01/2009 to present  |u https://search.proquest.com/publication/616525 
863 4 0 |8 1  |a <1>-  |i <1985>-  |x provisional